Memoria leída en el solemne reparto de premios a la virtud celebrada por la Real Sociedad Económica Matritense de Amigos del País, el día 6 de junio de 1909 / (Record no. 139026)

MARC details
000 -LEADER
campo de control de longitud fija 00863nam a2200205 i 4500
001 - NÚMERO DE CONTROL
campo de control 139026
003 - IDENTIFICADOR DE NÚMERO DE CONTROL
campo de control ES-MaACL
005 - FECHA Y HORA DE LA ÚLTIMA TRANSACCIÓN
campo de control 20250821111910.0
007 - CAMPO FIJO DE DESCRIPCIÓN FÍSICA--INFORMACIÓN GENERAL
campo de control de longitud fija t|
008 - DATOS DE LONGITUD FIJA--INFORMACIÓN GENERAL
campo de control de longitud fija 070214s1909 sp |||| | spa d
100 1# - ENTRADA PRINCIPAL--NOMBRE DE PERSONA
Nombre de persona Saralegui y Medina, Manuel de.
9 (RLIN) 103752
245 10 - MENCIÓN DEL TÍTULO
Título Memoria leída en el solemne reparto de premios a la virtud celebrada por la Real Sociedad Económica Matritense de Amigos del País, el día 6 de junio de 1909 /
Mención de responsabilidad, etc. Manuel de Saralegui y Medina.
260 ## - PUBLICACIÓN, DISTRIBUCIÓN, ETC.
Lugar de publicación, distribución, etc. Madrid :
Nombre del editor, distribuidor, etc. R. Velasco,
Fecha de publicación, distribución, etc. 1909.
300 ## - DESCRIPCIÓN FÍSICA
Extensión 29 p. ;
Dimensiones 19 cm.
505 8# - NOTA DE CONTENIDO CON FORMATO
Nota de contenido con formato Contiene: Martínez Kleiser, Luis. Un alma. (Poesía). Cerralbo, Marqués de (Poesías)
594 ## - Nota al título y mención de responsabilidad
Nota al título y mención de responsabilidad Precede al tít.: Real Sociedad Económica Matritense de Amigos del País.
700 1# - ENTRADA AGREGADA--NOMBRE PERSONAL
Nombre de persona Martínez Kleiser, Luis,
Fechas asociadas al nombre 1883-1971
9 (RLIN) 78166
852 ## - LOCALIZACIÓN
Ubicación ES-MaACL
Número de control de estantería T-1195-F-5
Holdings
Estatus retirado Estado de pérdida Estado de daño No para préstamo Colección Biblioteca de origen Biblioteca actual Ubicación en estantería Fecha de adquisición Fuente de adquisición Total de préstamos Signatura topográfica completa Código de barras Visto por última vez Precio de reemplazo Tipo de ítem Koha
        Colección de folletos Biblioteca del Ateneo de Madrid Biblioteca del Ateneo de Madrid Depósito folletos 17/01/2008     T-1195-F-5 1144677 23/02/2023 23/02/2023 Folleto